000 01096cam a2200349 a 4500
001 3401241
003 OSt
005 20140310181626.0
008 891011s1989 nyu 001 0 eng d
010 _a 89063586
020 _a0451163788
035 _a(OCoLC)21872076
040 _aTxF
_cDLC
_dDLC
042 _alccopycat
050 0 4 _aJF 515
_b.D514 1989
082 0 4 _aREF 060.42
_bD49 1989
100 1 _aDe Vries, Mary Ann.
245 1 4 _aThe new Robert's rules of order /
_cMary A. De Vries.
260 _aNew York :
_bSignet,
_c1989.
300 _aix, 258 p. ;
_c18 cm.
500 _a"A Signet book."
500 _aIncludes index.
521 _aBasic ed. students
541 _j1
562 _eFor circulation. 1 copy in the collection
650 0 _aParliamentary practice.
700 1 _aRobert, Henry M.
_q(Henry Martyn),
_d1837-1923.
_tRobert's rules of order.
740 0 _aRules of order.
906 _a7
_bcbc
_ccopycat
_d3
_eopcn
_f19
_gy-gencatlg
942 _2lcc
_cBK-GR
_kREF
999 _c311
_d311